00316 a2200109 4500020001500000024001800015082001200033100001700045245009000062260004600152300000800198 a0470847743 a9780470847749 a658.155 aBanks, Erik. aThe Simple Rules of Risk; Revisiting the art of Financial Risk ManagementcErik Banks aNew YorkbJohn Wiley and Sons LTD.c2002 a138